000 00396cam a2200169ua 4500
020 _c1.25
041 _amal
_h
082 _a894.8121
_bKUM/AR
100 _aKumara pillai, G .
245 _aAralippookkal /
_cG Kumara pillai.
_hTextual Documents
260 _a :
_bG Kumara pillai ,
_c1961.
300 _a109 ; .
365 _a1.25
504 _a
942 _cBK
999 _c5071
_d5071